| 000 | 00515nam a2200181Ia 4500 | ||
|---|---|---|---|
| 999 |
_c1823 _d1823 |
||
| 003 | OSt | ||
| 005 | 20200923093707.0 | ||
| 008 | 190216s9999||||xx |||||||||||||| ||und|| | ||
| 020 | _a9788123910437 | ||
| 040 | _coclc | ||
| 082 |
_a581.1 _bSAL/P |
||
| 100 |
_aSalisbury, Frank B _94828 |
||
| 245 | 0 |
_aPlant Physiology / _cFrank B Salisbury ; Cleon W Ross |
|
| 260 |
_bCbs Publishers, _c2005. _aNew Delhi: |
||
| 300 | _a540p | ||
| 650 | _aBotany | ||
| 942 |
_cBK _2ddc _h581.1 _iSAL/P _k581.1 _mSAL/P |
||